LEADER 01286nam a2200301 i 4500 001 000000147858 003 CaOOAMICUS 005 20060214000000.0 008 060214s2002 it u000 u fre u 013 $a125159 020 $a2-204-06914-0 040 $aSeMil$bita 100 1 $aCongar, Yves,$c.$0(OLS)http://semarc/name/3722 245 10$aÉglise et papauté :$bregards historiques /$cCardinal Yves Congar. 250 $aÉdition revue et corrigée. 260 $aParis :$bLes Éditions du Cerf,$c2002 (copyr. 1994) 300 $a317 p. ;$c22 cm. 490 0 $aCogitatio Fidei [Cerf]v184 600 14$aCongar, Yves .$0(OLS)http://semarc/subject/2473 650 4$aConcili - Storia.$0(OLS)http://semarc/subject/274 650 4$aPapato e Chiesa.$0(OLS)http://semarc/subject/9724 830 0$aCogitatio Fidei ;$v184.$0(OLS)http://semarc/title/206 850 $aSeMil 852 $aSeMil$W1$xVenegono$y1$m2BA N 184$j100394$B100394$CSeMilBibl$Z2$F109037 $81 961 $aAcquisto: SODIS 996 $6020$a2-204-06914-0$9(OLS)http://semarc/number/136695 996 $6245$aÉglise et papauté :$bregards historiques$9(OLS)http://semarc/title/216216 996 $6260$aParis :$bLes Éditions du Cerf$9(OLS)http://semarc/publisher/29611 LEADER 01022nam a2200241 i 4500 001 000000237984 003 CaOOAMICUS 005 20150116000000.0 008 150116s1964 it u000 u ita u 013 $a216889 040 $aSeMil$bita 100 1 $aGheddo, Piero .$0(OLS)http://semarc/name/89501 245 13$aLa fame nel mondo /$cp. Piero Gheddo ; presentazione di Mons. L. G. Ligutti. 260 $aMilano :$bPontificio Istituto Missioni Estere,$c1964. 300 $aIX, 129 p., [14] p. di tav. :$bill. ;$c19 cm. 490 0 $aMani tese 650 4$aFame nel mondo.$0(OLS)http://semarc/subject/10476 700 1 $aLigutti, Luigi G.$0(OLS)http://semarc/name/38876 830 0$aMani tese.$0(OLS)http://semarc/title/13475 850 $aSeMil 852 $aSeMil$W1$xVenegono$y1$m3N I 287$j188330$B188330$CSeMilBibl$Z2$F199124 $81 996 $6245$aLa fame nel mondo$9(OLS)http://semarc/title/129166 996 $6260$aMilano :$bPontificio Istituto Missioni Estere$9(OLS)http://semarc/publisher/30755